000 00695cam a22002413a 4500
001 19774
003 PGUSA
005 20140828083423.0
008 061112s2006||||xxu|||||s|||||000 | eng d
040 _aPGUSA
_beng
042 _adc
050 4 _aGN
100 1 _aKohl, Johann Georg,
_d1808-1878
245 1 0 _aGeschiedenis der Europeesche Volken
_h[electronic resource] /
_cJohann Georg Kohl
260 _bProject Gutenberg,
_c2006
506 _aPublic domain in the USA.
516 _aElectronic text
653 _aEthnology -- Europe
700 1 _aKretschmer, Albert,
_d1825-1891
830 0 _aProject Gutenberg
_v19774
856 4 0 _uhttp://www.gutenberg.org/ebooks/19774
942 _cEB
999 _c249029
_d249029